[Event "Platja d'Aro op-B 7th"]
[Site "Platja d'Aro"]
[Date "2019.06.25"]
[Round "2"]
[White "Costa Trave, Jaume"]
[Black "Planella Zavala, Ivan"]
[Result "1-0"]
[WhiteElo "1900"]
[BlackElo "1677"]
[PlyCount "95"]
[EventDate "2019.06.24"]
[EventType "swiss"]
[EventRounds "9"]
[EventCountry "ESP"]
[SourceTitle "CBM 191 Extra"]
[Source "ChessBase"]
[SourceDate "2019.09.30"]
[SourceVersion "1"]
[SourceVersionDate "2019.09.30"]
[SourceQuality "1"]

1. f4 d5 2. Nf3 Nf6 3. e3 e6 4. d4 Bd6 5. Bd3 0-0 6. Nbd2 Nbd7 7. 0-0 b6 8. Ne5 Bb7 9. c3 Ne4 10. Nxe4 dxe4 11. Bc2 f5 12. Bb3 Qe7 13. g4 Bd5 14. c4 Bb7 15. gxf5 Rxf5 16. Rf2 Nxe5 17. dxe5 Bc5 18. Rg2 Rxf4 19. Kh1 Rf5 20. Bd2 Rd8 21. Qe2 Rdf8 22. Rag1 R8f7 23. a3 Bc6 24. Ba2 a5 25. Rb1 Rxe5 26. b4 axb4 27. axb4 Bd6 28. Bc3 Ref5 29. c5 bxc5 30. bxc5 Bxc5 31. Qa6 Bb6 32. Qc8+ Qf8 33. Qxe6 Kh8 34. Qxc6 Rf1+ 35. Rg1 Rxb1 36. Bxb1 Bxe3 37. Qxe4 Qg8 38. Qxe3 Qa8+ 39. Be4 Qe8 40. Qd4 Qf8 41. Bd5 Rd7 42. Qe5 h6 43. Qe6 Rd6 44. Qf7 Qxf7 45. Bxf7 Rd7 46. Rxg7 h5 47. Rg5+ Kh7 48. Rxh5# 1-0

[Event "L'Estartit Baix Ter U2200"]
[Site "L'Estartit"]
[Date "2018.09.01"]
[Round "1.10"]
[White "Planella Zavala, Ivan"]
[Black "Travesset Sagre, Jan"]
[Result "0-1"]
[WhiteElo "1480"]
[BlackElo "2007"]
[PlyCount "114"]
[EventDate "2018.09.01"]
[EventType "swiss"]
[EventRounds "6"]
[EventCountry "ESP"]
[SourceTitle "EXT 2024"]
[Source "ChessBase"]
[SourceDate "2023.10.10"]
[SourceVersion "1"]
[SourceVersionDate "2023.10.10"]
[SourceQuality "1"]

1. d4 d5 2. Nf3 Nf6 3. e3 e6 4. Bd3 b6 5. Nbd2 Bb7 6. b3 Nbd7 7. Bb2 Be7 8. Rc1 Ne4 9. c4 Ndf6 10. 0-0 0-0 11. Ne5 c5 12. f3 Nxd2 13. Qxd2 cxd4 14. Bxd4 Rc8 15. Rc2 dxc4 16. Bxc4 Nd5 17. Rd1 Bb4 18. Qe2 Qe7 19. Qf2 Kh8 20. Qg3 f6 21. Ng4 Rfd8 22. Qh4 e5 23. Bb2 b5 24. Bd3 g5 25. Qf2 Rxc2 26. Qxc2 h5 27. Nf2 Nxe3 28. Qe2 Nxd1 29. Qxd1 Bc5 30. Qe2 Qd7 31. Bxe5 Bxf2+ 32. Kxf2 fxe5 33. Qxe5+ Qg7 34. Qf5 Qd4+ 35. Ke2 Qxd3+ 36. Qxd3 Rxd3 37. Kxd3 Kg7 38. Kd4 Bc6 39. h3 Kf6 40. Kc5 Be8 41. g4 h4 42. Kd6 a5 43. Kd5 a4 44. b4 Bf7+ 45. Kc5 Bc4 46. a3 Ke5 47. Kc6 Kf4 48. Kd6 Be2 49. Ke6 Kxf3 50. Kd5 Kg3 51. Ke5 Bxg4 52. hxg4 h3 53. Kf5 Kh4 54. Ke4 h2 55. Kd4 h1Q 56. Kc5 Qf1 57. Kb6 Kxg4 0-1

[Event "EU School-chT 05th"]
[Site "Bastia"]
[Date "2016.06.09"]
[Round "2.6"]
[White "Shavit, Inbar"]
[Black "Planella Zavala, Ivan"]
[Result "0-1"]
[WhiteElo "1781"]
[BlackElo "1682"]
[PlyCount "54"]
[EventDate "2016.06.10"]
[EventType "team-tourn"]
[EventRounds "3"]
[EventCountry "FRA"]
[SourceTitle "EXT 2024"]
[Source "ChessBase"]
[SourceDate "2023.10.10"]
[SourceVersion "1"]
[SourceVersionDate "2023.10.10"]
[SourceQuality "1"]

1. e4 e5 2. Nf3 Nc6 3. d4 exd4 4. c3 dxc3 5. Bc4 Bc5 6. Qd5 Qe7 7. Nxc3 Nf6 8. Qd3 0-0 9. 0-0 d6 10. h3 Re8 11. Re1 a6 12. a4 Bd7 13. Bg5 h6 14. Nd5 Qd8 15. Nxf6+ gxf6 16. Bxh6 Kh7 17. Qe3 Bxe3 18. Bxe3 Rg8 19. Bxf7 Rg7 20. Bd5 Bxh3 21. g3 Ne5 22. Nxe5 fxe5 23. Kh2 Qd7 24. Rh1 Rh8 25. b3 Kg6 26. Kg1 Qg4 27. Rh2 Qf3 0-1